000 01142nam a22002297a 4500
005 20240530110903.0
008 220214s2004 ua g 000 0 ara d
017 _a1424/2171
_bالسعودية . مكتبة الملك فهد الوطنية
020 _a9660101908
040 _aEG-CaGPL
_cEG-CaGPL
082 0 4 _221
_a323.4/
_bص ح
100 0 _aصالح بن عبدالله الراجحى
245 1 0 _aحقوق الانسان وحرياته الاساسية فى الشريعة الاسلامية والقانون الوضعى :
_bدراسة مقارنة بين الشريعة الاسلامية والقانون الوضعى للحقوق المدنية والسياسية والاقتصادية والاجتماعية والثقافية : حالة الشرعة الدولية لحقوق الانسان /
_cصالح بن عبدالله الراجحى
250 _aط. 1
260 _aالرياض :
_bمكتبة العبيكان
_c2004
300 _a287 ص. ؛
_c22 سم
650 0 7 _2qrmak
_aحقوق الانسان
650 0 7 _2qrmak
651 0 7 _2qrmak
942 _2ddc
_cBK
999 _c66170
_d66170